| 000 -CABECERA |
| campo de control de longitud fija |
00873nam a22002297a 4500 |
| 003 - IDENTIFICADOR DEL NÚMERO DE CONTROL |
| campo de control |
OSt |
| 005 - FECHA Y HORA DE LA ÚLTIMA TRANSACCIÓN |
| campo de control |
20210201112834.0 |
| 008 - DATOS DE LONGITUD FIJA--INFORMACIÓN GENERAL |
| campo de control de longitud fija |
210201s1968 pe ||||fr|||| 001 0 spa d |
| 040 ## - FUENTE DE LA CATALOGACIÓN |
| Centro catalogador/agencia de origen |
CENDOC CAAAP |
| Lengua de catalogación |
spa |
| Centro/agencia transcriptor |
CAAAP |
| 050 ## - SIGNATURA TOPOGRÁFICA DE LA BIBLIOTECA DEL CONGRESO |
| Número de clasificación |
C HB 2576.L |
| Número de documento/Ítem |
.S56 |
| 111 1# - ENTRADA PRINCIPAL--NOMBRE DE CONGRESO/REUNIÓN |
| 9 (RLIN) |
392 |
| Nombre de congreso/reunión o jurisdicción como elemento de entrada |
Simposio sobre Migración Interna y Estratificación Social |
| Fecha del congreso/reunión |
1967 |
| 245 1# - MENCIÓN DE TÍTULO |
| Título |
Algunos aspectos de estratificación, movilidad social y migración en Lima e Iquitos / |
| Mención de responsabilidad, etc. |
Simposio sobre Migración Interna y Estratificación Social |
| 250 ## - MENCIÓN DE EDICIÓN |
| Mención de edición |
1ra ed. |
| 260 ## - PUBLICACIÓN, DISTRIBUCIÓN, ETC. |
| Lugar de publicación, distribución, etc. |
Lima : |
| Nombre del editor, distribuidor, etc. |
Centro de investigaciones sociales por muestreo servicio del empleo y recursos humanos , |
| Fecha de publicación, distribución, etc. |
1968 |
| 300 ## - DESCRIPCIÓN FÍSICA |
| Extensión |
54 p., |
| Dimensiones |
28 cm |
| 650 10 - PUNTO DE ACCESO ADICIONAL DE MATERIA--TÉRMINO DE MATERIA |
| 9 (RLIN) |
393 |
| Término de materia o nombre geográfico como elemento de entrada |
Estratificación Social |
| 650 20 - PUNTO DE ACCESO ADICIONAL DE MATERIA--TÉRMINO DE MATERIA |
| 9 (RLIN) |
394 |
| Término de materia o nombre geográfico como elemento de entrada |
Migración Interna |
| 650 20 - PUNTO DE ACCESO ADICIONAL DE MATERIA--TÉRMINO DE MATERIA |
| 9 (RLIN) |
395 |
| Término de materia o nombre geográfico como elemento de entrada |
Movilidad Social |
| 651 10 - PUNTO DE ACCESO ADICIONAL DE MATERIA--NOMBRE GEOGRÁFICO |
| 9 (RLIN) |
396 |
| Nombre geográfico |
Iquitos |
| Subdivisión geográfica |
Loreto |
| -- |
Perú |
| 651 #0 - PUNTO DE ACCESO ADICIONAL DE MATERIA--NOMBRE GEOGRÁFICO |
| 9 (RLIN) |
397 |
| Nombre geográfico |
Lima |
| Subdivisión geográfica |
Perú |
| 942 ## - ELEMENTOS DE PUNTO DE ACCESO ADICIONAL (KOHA) |
| Fuente del sistema de clasificación o colocación |
|
| Tipo de ítem Koha |
Libros |